banner koha

Diferentes modelos para o afilamento do tronco de Eucalyptus sp. para o cenário florestal brasileiro (Registro n. 330583)

MARC details
000 -LÍDER
fixed length control field 04174nab a2200301 i 4500
003 - CÓDIGO MARC DA AGÊNCIA CATALOGADORA
Campo de controle BR-BrBNA
005 - DATA E HORA DA ÚLTIMA ATUALIZAÇÃO
Campo de controle 20250321082412.0
008 - CAMPO DE TAMANHO FIXO
fixed length control field 250321b2021 bl.qr|pooa||| 00| 0 por |
040 ## - FONTE DA CATALOGAÇÃO
Agência catalogadora BR-BrBNA
Idioma da catalogação por
072 ## - CATEGORIA AGRIS
Código AGRIS K50
100 ## - ENTRADA PRINCIPAL - NOME PESSOAL
Nome pessoal Bernardi, Lucas Kröhling
100 ## - ENTRADA PRINCIPAL - NOME PESSOAL
Nome pessoal Thiersch, Monica Fabiana Bento Moreira
100 ## - ENTRADA PRINCIPAL - NOME PESSOAL
Nome pessoal Arteaga, Argemiro José Moreno
100 ## - ENTRADA PRINCIPAL - NOME PESSOAL
Nome pessoal Almeida, Alessandro Araujo Amaral de
100 ## - ENTRADA PRINCIPAL - NOME PESSOAL
Nome pessoal Pádua, Franciane Andrade de
100 ## - ENTRADA PRINCIPAL - NOME PESSOAL
Nome pessoal Thiersch, Cláudio Roberto
245 ## - TÍTULO PRINCIPAL
Título principal Diferentes modelos para o afilamento do tronco de Eucalyptus sp. para o cenário florestal brasileiro
500 ## - NOTA GERAL
Nota geral Publicação on-line; 27 ref.; 4 tables; 4 illus.; Summaries (En, Pt)
942 ## - ADDED ENTRY ELEMENTS (KOHA)
Koha item type Analítica
520 ## - NOTA DE RESUMO
Nota de conteúdo <br/><br/>RESUMO<br/><br/>As funções de afilamento são ferramentas úteis para estimar diâmetros de toras e volumes comerciais<br/>de madeira a quaisquer alturas, sendo de grande importância para os empreendimentos florestais que<br/>buscam a otimização do uso de suas florestas. Este trabalho teve como objetivo avaliar modelos de<br/>afilamento segmentados, não segmentados e modelos de forma variável para estudo do afilamento do<br/>tronco de árvores de Eucalyptus sp. Com uma base de dados proveniente de um plantio de Eucalyptus<br/>sp. localizado no sul do estado de São Paulo aos 6,3 anos de idade, os modelos de afilamento testados<br/>foram: os modelos não segmentados de Ormerod (1973) e de Schöepfer (1966), o modelo segmentado<br/>de Max e Burkhart (1976), e os modelos de forma variável de Muhairwe (1999), Methol (2001) apud Rachid<br/>et al. (2014) e de Kozak (2004). Os volumes reais foram calculados utilizando-se o método de Smalian.<br/>O modelo de Kozak (2004) obteve as melhores medidas de precisão para estimativa dos diâmetros, já<br/>a equação de Muhairwe (1999) demonstrou os melhores resultados gráficos de dispersão de resíduos<br/>para a mesma estimativa. Para a estimativa volumétrica, a equação que obteve os melhores resultados<br/>foi a proposta por Methol (2001) apud Rachid et al. (2014), com as melhores medidas de precisão e<br/>melhor comportamento gráfico, com menores tendências e dispersão mais concentrada dos resíduos.<br/><br/>Palavras-chave: Multiprodutos; Técnicas de modelagem; Sortimento; Forma do tronco<br/><br/><br/><br/><br/>ABSTRACT<br/><br/>Taper functions are useful tools for estimating log diameters and commercial wood volumes at any<br/>height, being of great importance to forestry enterprises that aim to optimize the use of their forests.<br/>Thus, the aim of this work was to evaluate segmented, non-segmented and variable-exponent taper<br/>models for studying the trunk taper of Eucalyptus sp. With a database from a 6.3-year-old Eucalyptus sp.<br/>planted forest, in the south of the state of São Paulo, the taper models tested were: the non-segmented<br/>models of Schöepfer (1966) and Ormerod (1973) the segmented model of Max and Burkhart (1976), and<br/>the variable-exponent models of Muhairwe (1999), Methol (2001) apud Rachid et al. (2014) and Kozak<br/>(2004). Real volumes were calculated using the Smalian formula. The equation proposed by Kozak<br/>(2004) obtained the best accuracy to estimate the diameters, whereas the Muhairwe (1999) equation<br/>showed the best graphic dispersion results for the same estimate. For volume estimation, the equation<br/>that obtained the best results was that proposed by Methol (2001) apudRachid et al. (2014), with the<br/>best measures of precision and better graphical behavior, with smaller trends and more concentrated<br/>dispersion of the residues.<br/><br/>Keywords: Multiproducts; Modeling techniques; Assortment; Stem shape
650 ## - ASSUNTO - THESAGRO
Cabeçalho tópico ou nome geográfico EUCALYPTUS SPP
650 ## - ASSUNTO - THESAGRO
Cabeçalho tópico ou nome geográfico PRODUTO FLORESTAL
650 ## - ASSUNTO - THESAGRO
Cabeçalho tópico ou nome geográfico VOLUME
650 ## - ASSUNTO - THESAGRO
Cabeçalho tópico ou nome geográfico TORA
773 0# - ENTRADA ANALÍTICA
Host Biblionumber 4065
Registro do item 348518
Imprenta Santa Maria-RS Universidade Federal de Santa Maria - Centro de Pesquisas Florestais.Departamento de Ciências Florestais. Programa de Pós-Graduação em Engenharia Florestal 1991
Outro identificador 2025-1011
Título Ciência Florestal (Brazil)
ISSN 0103-9954; 1980-5098 (on-line)
Colação v. 31(3) p. 1364-1382; (Jul-Sep 2021)
Número de controle de registro BR2023001891
856 ## - ACESSO E ENDEREÇO ELETRÔNICO
Identificador uniforme de recurso - URI https://www.scielo.br/j/cflo/a/k3zbMzhFqJXHCdHVrVv3kKj/?format=pdf&lang=pt

Nenhum exemplar disponível.

BINAGRI

Telefone: (61)3218-2567/2388/3357/2097 - binagri@agro.gov.br

Ministério da Agricultura e Pecuária , Esplanada dos Ministérios, Bloco D, Anexo B, Brasília/DF, CEP: 70.043-900